Music Quiz

Random Music or Artist Quiz

Artist Showcase: Stevie Wonder Quiz Stats

 Plays Quiz Updated Aug 11, 2016

Challenge
Share
Tweet
Score 0/60 Timer 20:00
0 Plays Today
Time Song % Correct
3:18Superstition
81.6%
5:15Isn't She Lovely
68.9%
2:24Signed, Sealed, Delivered I'm Yours
65.9%
1:30For Once In My Life
64.7%
6:45I Just Called To Say I Love You
64.5%
1:48My Cherie Amour
60.4%
5:42Sir Duke
59.4%
3:36You Are The Sunshine Of My Life
54.6%
4:03Higher Ground
53.4%
0:45Uptight
52.3%
4:12Livin' For The City
47.3%
7:21Part-Time Lover
42.5%
5:06I Wish
41%
0:00Fingertips
39.8%
4:57As
32.7%
4:30Boogie On Reggae Woman
30.9%
7:12Overjoyed
29.5%
6:18Do I Do
29.1%
6:00Happy Birthday
27.6%
6:27Ribbon In The Sky
27%
1:21I Was Made To Love Her
26.8%
5:33Pastime Paradise
25.5%
2:33If You Really Love Me
23.5%
6:09Lately
22.6%
1:57Yester-Me, Yester-You, Yesterday
22.6%
6:36That Girl
21.4%
4:48You Haven't Done Nothin'
20.6%
5:24Knocks Me Off My Feet
18%
2:06Heaven Help Us All
15.9%
5:51All I Do
15.7%
Time Song % Correct
1:03Hey Love
15.6%
3:09Superwoman (Where Were You When I Needed You)
14.7%
3:54All In Love Is Fair
14.2%
0:54A Place In The Sun
14%
8:06Jungle Fever
12.2%
4:21Visions
11.4%
4:39Creepin'
9.4%
8:24For Your Love
8.7%
8:15These Three Words
8.5%
7:39Skeletons
8.3%
2:42Never Dreamed You'd Leave In Summer
7.7%
7:03Go Home
7.6%
6:54Love Light In Flight
7.2%
8:51So What The Fuss
7.2%
7:48You Will Know
7%
3:27Tuesday Heartbreak
6.9%
0:18Dream
5.6%
3:45You've Got It Bad Girl
4.8%
3:00Love Having You Around
4.7%
0:36Teach Me Tonight
4.5%
2:51Keep On Running
4.5%
1:39You Met Your Match
4.5%
0:27Get Happy
4.4%
7:30Get It
3.8%
7:57Gotta Have You
3.5%
8:42From The Bottom Of My Heart
3.3%
8:33Tomorrow Robins Will Sing
2.2%
2:15I Gotta Have A Song
1.9%
0:09Soul Bongo
1.6%
1:12I'd Cry
1.6%

You're not logged in!

Compare scores with friends on all Sporcle quizzes.
OR
Log In

You Might Also Like...

Show Comments

Extras

Top Quizzes Today


Score Distribution

Your Account Isn't Verified!

In order to create a playlist on Sporcle, you need to verify the email address you used during registration. Go to your Sporcle Settings to finish the process.

Report this User

Report this user for behavior that violates our Community Guidelines.

Details: